000
00244nam a2200097Ia 4500
008
190216s9999||||xx |||||||||||||| ||und||
100
_a
Dev Raj
245
0
_a
Hindi-Adhunik Katha Sahithya Our Mano Vijan
260
_b
Vidyarthimithram
942
_c
BK
999
_c
17004
_d
17004